000
00276nam a2200109Ia 4500
008
230907s9999||||xx |||||||||||||| ||und||
082
_a
712
_b
ATL
245
0
_a
Atlas of World Landscape Architecture /
260
_a
Braun-Publishing-CH,
_c
2014
300
_a
512 p.
942
_c
BK
999
_c
599138
_d
599138